Súčasné tendencie vývoja cirkví : prednáškový text /

Hlavní autor: Valach, Ladislav
Jazyk: Slovenština
Vydáno: Nitra : Okresné osvetové stredisko, 1975
Fyzický popis: 12 s.
Knihy
Uloženo v:
LEADER 00657nam a22002052a 4500
001 001710160
003 CZ BrMZK
005 20191004135651.0
007 ta
008 191003s1975 xo er|||||||||||slo d
040 |a BOA001  |b cze  |e aacr2 
100 1 |a Valach, Ladislav  |7 jx20051104034  |4 aut 
245 1 0 |a Súčasné tendencie vývoja cirkví :  |b prednáškový text /  |c Ladislav Valach 
260 |a Nitra :  |b Okresné osvetové stredisko,  |c 1975 
300 |a 12 s. 
504 |a Obsahuje bibliografii 
910 |a BOA001  |b X2-0741.487 
990 |a BK 
991 |b 201910 
996 7 |b 2618832522  |c X2-0741.487  |l MZK  |r Sklad / do 24 hodin  |n 0  |w 001758382  |u 000010  |a 1  |e BOA001  |j MZK50  |s A